| 000 | 00899nam a2200229 4500 | ||
|---|---|---|---|
| 001 | 116879 | ||
| 003 | ES-MaACL | ||
| 005 | 20231205205046.0 | ||
| 007 | t| | ||
| 008 | 061121s1967 sp r ||||1| spa d | ||
| 100 | 1 |
_aPavlov, Ivan Petrovich. _989685 |
|
| 245 | 1 | 0 |
_aPsicopatología y psiquiatría _b: psicofisiología experimental, reflexología y tipología, problemas y aplicaciones / _cI. P. Pavlov ; [recopilación redactada por E. Popov... y... L. Rokhline ; versión... por el Dr. José M. Toboso...] ; prólogo por el... Dr. J. Rof Carballo. |
| 250 | _a1ª ed. | ||
| 260 |
_aMadrid : _bMorata, _c1967. |
||
| 300 |
_a402 p, 1 lám. ; _c25 cm. |
||
| 700 | 1 |
_aRof Carballo, Juan, _d1905-1994 _998915 |
|
| 700 | 1 |
_aToboso Monge, José María. _9110384 |
|
| 700 | 1 |
_aRokhline, L. _999120 |
|
| 700 | 1 |
_aPopov, E. _993100 |
|
| 852 |
_aES-MaACL _jC-32249 _bR.62101 |
||
| 999 |
_c116879 _d116879 |
||